| 000 | 00670nam a2200253Ia 4500 | ||
|---|---|---|---|
| 003 | OSt | ||
| 005 | 20220918201323.0 | ||
| 006 | a|||||r|||| 00| 0 | ||
| 007 | ta | ||
| 008 | 220917b |||||||| |||| 00| 0 eng d | ||
| 024 | _a93,111 | ||
| 037 | _cTextual | ||
| 040 |
_aARTS _cARTS _beng |
||
| 041 |
_2eng _aeng |
||
| 082 | _aV2y7J28, M0-;1 | ||
| 100 |
_aSinha P P _998115 |
||
| 245 | 0 |
_aRaja Birbal _b life and times |
|
| 260 |
_aPatna _bJanaki Prak _c1980 |
||
| 300 |
_axv,192p. 5 illus _ccm. |
||
| 500 | _aBib 158-69p; App 170-82p (A-D) | ||
| 650 | _aHISTORY | ||
| 942 |
_hV2y7J28, M0-;1 _cTEXL _2CC |
||
| 999 |
_c216759 _d216759 |
||